01390nam a2200277 a 4500001001000000003000900010005001700019007000300036008004100039040002500080049000900105082001400114100003200128245007200160260004600232300002800278590002600306700004200332942001400374952011600388952011000504952017500614952011100789952019500900999001701095000016253DO-SdBNP20220621111444.0ta100302d1966 dr a 000 0 spa d aDO-SdBNPbspacBNPHU aBNPD 4bF385c2221 aFerreras, Ramón A.93631310aCárcel /cRamón A. Ferreras ; prólogo José Israel Cuello H. aSanto Domingo :bArtes Gráficas,c1966. a136 p. :bil. ;c19 cm. aInventariado, 2022/BT1 aCuello H., José H.,epról.936314 2ddccLBS1 00102ddc56708DSaBNPHUbBNPHUcCTd2011-08-17oBNPHU DS F385cp16253-30r2020-06-25te. 3w2020-06-25yLBS1 00102ddc56708DSaBNPHUbBNPHUcCTd2019-08-13oBNPHU DS F385cp16253-40r2020-06-25w2020-06-25yLBS1 00102ddc51708PDaBNPHUbBNPHUcHDd2010-03-02oBNPHU PD F385cp16253-10r2020-06-25w2020-06-25yLBS1zPerteneció a la biblioteca personal de Germán Emilio Ornes. 00102ddc51708PDaBNPHUbBNPHUcCTd2010-03-02oBNPHU PD p16253-20r2020-06-25te. 2w2020-06-25yLBS1 00102ddc56708DSaBNPHUbBNPHUcCTd2022-06-21eDonaciónoBNPHU DS F385cp2022-3096r2022-06-21te.5w2022-06-21yLBS1zPerteneció a la biblioteca personal de la familia Reyes Duluc. c15790d15790